000 00649nam a2200133Ia 4500
008 171212s9999 xx 000 0 und d
020 _a9780833044716
100 _aLim, Nelson;Cho, Michelle;Curry Hall, Kimberly
245 _cLim, Nelson;Cho, Michelle;Curry Hall, Kimberly
_aPlanning for Diversity
_bOptions and Recommendations for DoD Leaders
260 _bRAND Corporation
_c2008
650 _aManagement & Organizational Behavior
650 _aUnited States -- Armed Forces -- Recruiting, enlistment, etc; United States -- Armed Forces -- Minorities; Affirmative action programs -- United States
856 _uwww.jstor.org/stable/10.7249/mg743osd
999 _c352408
_d352408